Logistické parky rýchlo pribúdajú

Rozširovanie logistických parkov na Slovensku. Spoločné znaky väčšiny projektov logistických centier na Slovensku. Nové priestory pre logistcké potreby na Slovensku.

Uložené v:
Podrobná bibliografia
Hlavný autor: Zverková, Daniela
Médium: Kapitola
Jazyk:Slovak
Predmet:
Tagy: Pridať tag
Žiadne tagy, Buďte prvý, kto otaguje tento záznam!

MARC

LEADER 00000naa$a2200000$$$4500
001 0054298
005 20231011071429.6
041 0 |a slo 
044 |a CZ 
245 1 0 |a Logistické parky rýchlo pribúdajú  |c Daniela Zverková 
520 |a Rozširovanie logistických parkov na Slovensku. Spoločné znaky väčšiny projektov logistických centier na Slovensku. Nové priestory pre logistcké potreby na Slovensku. 
610 2 0 |a parky vedeckotechnické 
610 2 0 |a logistika distribučná 
610 2 0 |a stratégia logistická 
610 2 0 |a sklady 
610 2 0 |a prenájom 
610 2 0 |a investori 
610 2 0 |a trh tovarový 
100 1 |a Zverková, Daniela